Software project secrets why software projects fail / (Record no. 1623)
[ view plain ]
| 000 -LEADER | |
|---|---|
| Fixed length control field | 00512nam a2200181 4500 |
| 003 - CONTROL NUMBER IDENTIFIER | |
| Control field | SEACOMEC |
| 005 - DATE AND TIME OF LATEST TRANSACTION | |
| Control field | 20240823114839.0 |
| 008 - FIXED-LENGTH DATA ELEMENTS--GENERAL INFORMATION | |
| Fixed length control field | 240823b |||||||| |||| 00| 0 eng d |
| 020 ## - INTERNATIONAL STANDARD BOOK NUMBER / ISBN | |
| Price | 120.00 |
| International Standard Book Number | 978-1590595503 |
| 040 ## - CATALOGING SOURCE | |
| Original cataloging agency | SEACOMEC |
| 082 ## - DEWEY DECIMAL CLASSIFICATION NUMBER | |
| Classification number | 005 |
| Book Number | S827 |
| 100 ## - MAIN ENTRY--PERSONAL NAME | |
| Personal name | Stepanek, George |
| 245 ## - TITLE STATEMENT | |
| Title | Software project secrets why software projects fail / |
| Statement of responsibility | George Stepanek |
| 260 ## - IMPRINT | |
| Place of publication | New Delhi |
| Name of publisher | Springer-Verlag |
| Date of publication | ©2005 |
| 300 ## - PHYSICAL DESCRIPTION | |
| Page / Vol. No | xvii, 166 p. : ill |
| 650 ## - SUBJECT ADDED ENTRY--TOPICAL TERM | |
| Topical term | Computer software |
| 942 ## - ADDED ENTRY ELEMENTS (KOHA) | |
| Koha item type | Books |
| Withdrawn status | Lost status | Source of classification | Damaged status | Not for loan | Home library | Current library | Date acquired | Total Checkouts | Call number | Accession number | Date last seen | Price effective from | Koha item type | Copy number |
|---|---|---|---|---|---|---|---|---|---|---|---|---|---|---|
| Dewey Decimal Classification | SEACOM ENGINEERING COLLEGE | SEACOM ENGINEERING COLLEGE | 30/05/2007 | 005 S827 | 6871 | 23/08/2024 | 23/08/2024 | Reference Books | ||||||
| Dewey Decimal Classification | SEACOM ENGINEERING COLLEGE | SEACOM ENGINEERING COLLEGE | 30/05/2007 | 005 S827 | 6872 | 23/08/2024 | 23/08/2024 | Books | 1 | |||||
| Dewey Decimal Classification | SEACOM ENGINEERING COLLEGE | SEACOM ENGINEERING COLLEGE | 30/05/2007 | 005 S827 | 6873 | 23/08/2024 | 23/08/2024 | Books | 2 | |||||
| Dewey Decimal Classification | SEACOM ENGINEERING COLLEGE | SEACOM ENGINEERING COLLEGE | 30/05/2007 | 005 S827 | 6874 | 23/08/2024 | 23/08/2024 | Books | 3 | |||||
| Dewey Decimal Classification | SEACOM ENGINEERING COLLEGE | SEACOM ENGINEERING COLLEGE | 30/05/2007 | 005 S827 | 6875 | 23/08/2024 | 23/08/2024 | Books | 4 |
